Cargando…

Ruskin's Maze : Mastery and Madness in His Art

Professor Fellows presents a map of Ruskin's mind as it shifts from conditions of mastery to madness. In his study, he examines and transcribes the ways in which Ruskin observed his dislocation of imagination and shows how, in the very process of disintegration; he was enabled by his peculiar g...

Descripción completa

Detalles Bibliográficos
Autor principal: Fellows, Jay
Formato: Electrónico eBook
Idioma:Inglés
Publicado: Princeton : Princeton University Press, 2014.
Colección:Book collections on Project MUSE.
Temas:
Acceso en línea:Texto completo

MARC

LEADER 00000cam a22000004a 4500
001 musev2_33748
003 MdBmJHUP
005 20230905043544.0
006 m o d
007 cr||||||||nn|n
008 140719s2014 nju o 00 0 eng d
020 |a 9781400853984 
020 |z 9780691642390 
020 |z 9780691064796 
020 |z 9780691614816 
035 |a (OCoLC)889249216 
040 |a MdBmJHUP  |c MdBmJHUP 
100 1 |a Fellows, Jay. 
245 1 0 |a Ruskin's Maze :   |b Mastery and Madness in His Art 
264 1 |a Princeton :  |b Princeton University Press,  |c 2014. 
264 3 |a Baltimore, Md. :  |b Project MUSE,   |c 2015 
264 4 |c ©2014. 
300 |a 1 online resource (284 pages). 
336 |a text  |b txt  |2 rdacontent 
337 |a computer  |b c  |2 rdamedia 
338 |a online resource  |b cr  |2 rdacarrier 
490 0 |a Princeton Legacy Library 
505 0 |a Cover; Table of Contents ; A Note on Sources ; Permissions ; Acknowledgments ; Preface ; Part One Strange Chords: Masterful Geometries ; Introduction a Travel Diary Toward Nothing but a Dream: Shadowy Types for Concluding Images and ""The Excavations of Silence"" ; Part Two Lucent Verdure and Asymmetrical Decompositions. 
520 |a Professor Fellows presents a map of Ruskin's mind as it shifts from conditions of mastery to madness. In his study, he examines and transcribes the ways in which Ruskin observed his dislocation of imagination and shows how, in the very process of disintegration; he was enabled by his peculiar genius to transform the effects on his language and conceptualization into new forms of articulation under pain. Originally published in 1981. The Princeton Legacy Library uses the latest print-on-demand technology to again make available previously out-of-print books from the distin. 
588 |a Description based on print version record. 
600 1 7 |a Ruskin, John,  |d 1819-1900.  |2 fast  |0 (OCoLC)fst00030222 
600 1 1 |a Ruskin, John,  |d 1819-1900  |x Criticism and interpretation. 
600 1 0 |a Ruskin, John,  |d 1819-1900  |x Criticism and interpretation. 
650 7 |a LITERARY CRITICISM  |x European  |x English, Irish, Scottish, Welsh.  |2 bisacsh 
655 7 |a Criticism, interpretation, etc.  |2 fast  |0 (OCoLC)fst01411635 
655 7 |a Electronic books.   |2 local 
710 2 |a Project Muse.  |e distributor 
830 0 |a Book collections on Project MUSE. 
856 4 0 |z Texto completo  |u https://projectmuse.uam.elogim.com/book/33748/ 
945 |a Project MUSE - Custom Collection 
945 |a Project MUSE - Archive Complete Supplement III 
945 |a Project MUSE - Archive Literature Supplement III